| 000 | 01301nam a2200349 i 4500 | ||
|---|---|---|---|
| 001 | 000042606 | ||
| 003 | DO-SdBNP | ||
| 005 | 20260409210342.0 | ||
| 007 | ta | ||
| 008 | 130425s2013 dr ad r 001 0 spa d | ||
| 020 | _a9789945888805 | ||
| 040 |
_aDO-SdBNP _bspa _cBNPHU _erda |
||
| 041 | _aspa | ||
| 082 | 4 |
_a304.87293 _bR426p _222 |
|
| 110 | 1 |
_aRepública Dominicana. _bOficina Nacional de Estadística _95775 |
|
| 245 | 1 | 0 |
_aPrimera Encuesta Nacional de Inmigrantes en la República Dominicana ENI-2012 : _binforme general |
| 264 | 4 |
_aSanto Domingo : _bUnion Europea _bUNFRA _bONE, _c©2013. |
|
| 300 |
_a343 páginas : _bilustraciones, gráficos, tablas ; _c28 cm. |
||
| 336 |
_atexto _btxt _2rdacontent |
||
| 337 |
_asin mediación _bn _2rdamedia |
||
| 338 |
_avolumen _bnc _2rdacarrier |
||
| 504 | _aBibliografía : páginas 279-281. | ||
| 590 | _aInventariado, 2018/VM | ||
| 650 | 4 |
_vEstadísticas _aInmigrantes _y2012 _zRepública Dominicana _965109 |
|
| 650 | 4 |
_aEncuestas demográficas _y2012 _zRepública Dominicana _965110 |
|
| 650 | 4 |
_aModelos de inmigración _965111 _y2012 |
|
| 651 | 4 |
_aRepública Dominicana _xPoblación _y2012 _vEstadísticas _92321 |
|
| 710 | 2 |
_aUnión Europea _984088 |
|
| 710 |
_aUNFPA _982029 |
||
| 910 | _aValidado. Control de calidad. EMS | ||
| 942 |
_2ddc _cLBS1 |
||
| 999 |
_c42095 _d42095 |
||